000 01445cam a22002655a 4500
001 E144169
008 070522s2008 xxk f 000 0 eng d
022 1 _a0952-4053
035 _a(Sirsi) u144169
041 0 _aeng
050 0 4 _a690.24 $2 18
110 2 _aBuilding Maintenance Information
_93229
240 _aBMI quarterly briefing of maintenance costs
245 0 0 _aBMI quarterly cost briefing
260 _aLondon
_bBCIS
_c2008
300 _a32p.
_c30cm.
490 0 _aBMI Quarterly Cost Briefing
_v368
490 0 _aBMI Quarterly Cost Briefing
_v369
505 2 _aInput cost indices forecasts -- Output price indices -- Input cost indices: BMI health service maintenance cost indices -- BMI local authority maintenance cost indices -- BMI private sector maintenance cost indices -- BMI all-in maintenance cost indices -- BMI maintenance materials cost indices -- Lift service labour cost index -- BMI cleaning cost indices -- BMI energy cost indices -- BMI labour cost indices -- BMI construction materials price indices -- Retail Prices Index -- Wage agreements and national insurance rates -- Market prices and maintenance materials
520 _aOnly available online only from September 2008.
651 4 _aUnited Kingdom
_y
690 _aBUILT ENVIRONMENT-BUILDING MAINTENANCE AND REFURBISHMENT-MAINTENANCE COSTS
856 4 0 _uhttps://www.bcis.co.uk/
_zView the item at http://www.bcis.co.uk by logging in.
942 _n0
999 _c108403
_d108403